000
00306nam a22001337a 4500
020
_a
9788183520737
082
_a
080
_b
KUM/B
100
_a
MATHUR NIHARIKA
245
_a
BABY NAMES FOR BOYS
260
_a
NEW DELHI
_b
MAHAVEER PUBLISHERS
_c
2010
300
_a
190
520
_a
BABY NAMES FOR BOYS
942
_c
BK
999
_c
6769
_d
6769